Rise of A Barefoot Boy: (Record no. 192381)

MARC details
000 -LEADER
fixed length control field 00546nam a22001817a 4500
010 ## - LCCN (DPL NO)
LC control number ENG-135140
020 ## - INTERNATIONAL STANDARD BOOK NUMBER
Terms of availability 375.00
International Standard Book Number 9788179664834
035 ## - SYSTEM CONTROL NUMBER
System control number EN-118672
037 ## - SOURCE OF ACQUISITION
Source of stock number/acquisition DBAD / PUB
082 ## - DEWEY DECIMAL CLASSIFICATION NUMBER
Classification number 921
100 ## - MAIN ENTRY--PERSONAL NAME
Personal name Tareen,Jalees A.K.
245 ## - TITLE STATEMENT
Title Rise of A Barefoot Boy:
Statement of responsibility, etc by Jalees A.K.Tareen
Remainder of title An Autobiography/
260 ## - PUBLICATION, DISTRIBUTION, ETC. (IMPRINT)
Name of publisher, distributor, etc Emerald Publishers
Date of publication, distribution, etc 2018
Place of publication, distribution, etc Chennai
270 ## - ADDRESS
City Chennai
Address 15A,First Floor,Casa Major Road Egmore,
Postal code 600008
300 ## - PHYSICAL DESCRIPTION
Extent 287p.
Dimensions 22cm(pbk)
650 ## - SUBJECT ADDED ENTRY--TOPICAL TERM
Topical term or geographic name as entry element Sikhism
942 ## - ADDED ENTRY ELEMENTS (KOHA)
Source of classification or shelving scheme Dewey Decimal Classification
Item type English Books
Call number suffix TAR
Classification part 921
Holdings
Withdrawn status Lost status Not for loan Collection code Home library Current library Date acquired Source of acquisition Cost, normal purchase price Full call number Barcode Copy number Cost, replacement price Koha item type
      Non-fiction Bawana Bawana 20/09/2022 DBAD/PUB 375.00 921 TAR EN-118672 1 375.00 English Books

© Delhi Public Library
Hit Counter
free hit counter